Arundel Corporation v Mohammed Ramsan Khokher (Record no. 74106)
[ view plain ]
| 000 -LEADER | |
|---|---|
| fixed length control field | 01237cab a2200229 4500 |
| 001 - CONTROL NUMBER | |
| control field | ABS67439 |
| 008 - FIXED-LENGTH DATA ELEMENTS--GENERAL INFORMATION | |
| fixed length control field | 040203n2003 000 0 eng u |
| 035 ## - SYSTEM CONTROL NUMBER | |
| System control number | (Sirsi) u124999 |
| 245 ## - TITLE STATEMENT | |
| Title | Arundel Corporation v Mohammed Ramsan Khokher |
| 260 ## - PUBLICATION, DISTRIBUTION, ETC. | |
| Date of publication, distribution, etc. | 2003 |
| 520 ## - SUMMARY, ETC. | |
| Summary, etc. | [2003] EWCA Civ 1784, 9 December 2003. Appeal of landlord (A) from the judge's decision ([2003] EWCA Civ 491, [2003] All ER (D) 134 Apr) that i) the tenant (K) had validly served a counternotice in response to its rent review notice and ii) A had unreasonably witheld its consent to a proposed subletting of part of the demised premises to a third party (C). "Held" K's solicitor had been informed of the change in the location of A's place of business while acting as his solicitor in relation to his lease of the premises. Appeal allowed in part. View at www.courtservice.gov.uk |
| 590 ## - LOCAL NOTE (RLIN) | |
| Local note | ABS |
| 590 ## - LOCAL NOTE (RLIN) | |
| Local note | ABS |
| 590 ## - LOCAL NOTE (RLIN) | |
| Local note | ABS |
| 650 ## - SUBJECT ADDED ENTRY--TOPICAL TERM | |
| Topical term or geographic name entry element | CONSENT TO SUBLET |
| 650 ## - SUBJECT ADDED ENTRY--TOPICAL TERM | |
| Topical term or geographic name entry element | RENT REVIEWS |
| 650 ## - SUBJECT ADDED ENTRY--TOPICAL TERM | |
| Topical term or geographic name entry element | UNDERLEASES |
| 650 ## - SUBJECT ADDED ENTRY--TOPICAL TERM | |
| Topical term or geographic name entry element | ARUNDEL CORPORATION V KHOKHER |
| 690 ## - LOCAL SUBJECT ADDED ENTRY--TOPICAL TERM (OCLC, RLIN) | |
| Topical term or geographic name as entry element | LANDLORD AND TENANT-LEASES-CASE LAW |
| 856 ## - ELECTRONIC LOCATION AND ACCESS | |
| Uniform Resource Identifier | <a href="https://www.courtservice.gov.uk/judgmentsfiles/j2140/arundel-v-khokher.htm">https://www.courtservice.gov.uk/judgmentsfiles/j2140/arundel-v-khokher.htm</a> |
| Public note | View on the Court Service website... |
| 942 ## - ADDED ENTRY ELEMENTS (KOHA) | |
| Suppress in OPAC | 0 |
| Withdrawn status | Lost status | Source of classification or shelving scheme | Damaged status | Not for loan | Home library | Current library | Shelving location | Date acquired | Total Checkouts | Full call number | Barcode | Date last seen | Copy number | Price effective from | Koha item type |
|---|---|---|---|---|---|---|---|---|---|---|---|---|---|---|---|
| Dewey Decimal Classification | London | London | Journal article | 03/02/2004 | ABS67439 | 124999-1001 | 06/08/2019 | 1 | 06/08/2019 | Law report | |||||
| Dewey Decimal Classification | Virtual | Virtual | Online | 11/02/2004 | ONLINE | 124999-2001 | 06/08/2019 | 1 | 06/08/2019 | Law report |